Library of the University of Algiers 3
Ibrahim Sultan Cheibout
شعار جامعة الجزائر 3
مكتبة جامعة الجزائر 3
إبراهيم سلطان شيبوط

عقود خدمات المعلومات الالكترونية في القانون الدولي الخاص / (رقم التسجيلة. 46010)

تفاصيل مارك
000 -LEADER
fixed length control field 01731nam a2200229Ia 4500
003 - CONTROL NUMBER IDENTIFIER
control field Ost
005 - DATE AND TIME OF LATEST TRANSACTION
control field 20260507075728.0
008 - FIXED-LENGTH DATA ELEMENTS--GENERAL INFORMATION
fixed length control field 260507s9999||||xx |||||||||||||| ||und||
040 ## - CATALOGING SOURCE
Transcribing agency fsecg
041 ## - LANGUAGE CODE
Language code of text/sound track or separate title ara
082 ## - DEWEY DECIMAL CLASSIFICATION NUMBER
Classification number 346.02
100 ## - MAIN ENTRY--PERSONAL NAME
Personal name محمود حوته، عادل ابوهشيمة
Relator term مؤلف
245 #0 - TITLE STATEMENT
Title عقود خدمات المعلومات الالكترونية في القانون الدولي الخاص /
Statement of responsibility, etc. عادل ابوهشيمة محمود حوته
260 ## - PUBLICATION, DISTRIBUTION, ETC.
Place of publication, distribution, etc. القاهرة:
Name of publisher, distributor, etc. دار النهضة,
Date of publication, distribution, etc. 2004
300 ## - PHYSICAL DESCRIPTION
Extent 417 صفحة؛
Dimensions 24 سم
504 ## - BIBLIOGRAPHY, ETC. NOTE
Bibliography, etc. note بيبليوغرافيا : ص. 320
520 ## - SUMMARY, ETC.
Summary, etc. ماهية عقد خدمات المعلومات الدولية ، تحديد القانون الواجدب التطبيق على عقود خدمات المعلومات ، اعمال قاعدة قانون الارادة في عقود خدمات المعلومات ، تأثير اعتبارات حماية المستهلك على تحديد القانون الواجب التطبيق على عقود خدمات المعلومات تطبيق القواعد الموضوعية للتجارة الالكترونية على عقود خدمات المعلومات ، نطاق القانون الواجب التطبيق على عقود خدمات المعلومات وبعض المشكلات المجاورة ، مشكلات تكوين عقد خدمات المعلومات وأثاره ، المشكلات المرتبطة بعقود خدمات المعلومتات ، القضاء المختص بفض منازعات عقود خدمات المعلومات .
653 ## - INDEX TERM--UNCONTROLLED
Uncontrolled term العقود
653 ## - INDEX TERM--UNCONTROLLED
Uncontrolled term القانون الدولي الخاص
653 ## - INDEX TERM--UNCONTROLLED
Uncontrolled term المعلومات
942 ## - ADDED ENTRY ELEMENTS (KOHA)
Koha item type كتب
المقتنيات
Withdrawn status Lost status Source of classification or shelving scheme Damaged status Not for loan Home library Current library Date acquired Serial enumeration / chronology Inventory number Total checkouts Full call number Barcode Date last seen Price effective from Koha item type
    Library of Congress Classification   NOT LOAN / إعارة داخلية مكتبة كلية العلوم الإقتصادية والعلوم التجارية وعلوم التسيير مكتبة كلية العلوم الإقتصادية والعلوم التجارية وعلوم التسيير 07/05/2026 الطابق الأرضي 1154/1   أ/1154ن1 1154/1 07/05/2026 07/05/2026 كتب
    Dewey Decimal Classification   Available مكتبة كلية العلوم الإقتصادية والعلوم التجارية وعلوم التسيير مكتبة كلية العلوم الإقتصادية والعلوم التجارية وعلوم التسيير 07/05/2026 الطابق الأرضي 1154/2   أ/1154ن2 1154/2 07/05/2026 07/05/2026 كتب
    Dewey Decimal Classification   Available مكتبة كلية العلوم الإقتصادية والعلوم التجارية وعلوم التسيير مكتبة كلية العلوم الإقتصادية والعلوم التجارية وعلوم التسيير 07/05/2026 الطابق الثاني 1154/3   أ/1154ن3 1154/3 07/05/2026 07/05/2026 كتب
    Dewey Decimal Classification   Available مكتبة كلية العلوم الإقتصادية والعلوم التجارية وعلوم التسيير مكتبة كلية العلوم الإقتصادية والعلوم التجارية وعلوم التسيير 07/05/2026 الطابق الثاني 1154/4   أ/1154ن4 1154/4 07/05/2026 07/05/2026 كتب

موارد الويب المفتوحة


© University of Algiers 3 All Rights Reserved
|
Implemented by LECHELAH Riad